| 000 | 00472nam a22001697a 4500 | ||
|---|---|---|---|
| 999 |
_c524413 _d524413 |
||
| 003 | NUST | ||
| 038 | _aWaseem | ||
| 082 |
_a891.439 _bBUK |
||
| 100 |
_aBukhari, Ashfaq Hussain _915234 |
||
| 245 |
_aAttashnama / _cAshfaq Hussain Bukhari |
||
| 260 |
_aIslamabad : _bTahir Printing Press, _c2013. |
||
| 300 | _a240 p. ; | ||
| 500 | _aPapercover. | ||
| 880 |
_6100-01\r _6ٓٓٓٓاشفإق حسین بخاری |
||
| 880 |
_6245-02\r _6عطش نامہ / |
||
| 942 |
_2ddc _cBK |
||